|
|
|
|
| LEADER |
02816njm a2200541 a 4500 |
| 001 |
001093489 |
| 003 |
CZ BrMZK |
| 005 |
20201130091856.0 |
| 007 |
sd fsngnnmmned |
| 008 |
100415s2005 xr mun g ef cze d |
| 028 |
0 |
1 |
|a S-002 05 1
|b Sonus
|
| 040 |
|
|
|a BOA001
|b cze
|
| 041 |
0 |
|
|g cze
|g eng
|g ger
|
| 047 |
|
|
|a co
|a zz
|a sy
|
| 048 |
|
|
|a ob01
|
| 072 |
|
7 |
|a 785
|x Instrumentální hudba. Symfonická hudba. Hudba pro více nástrojů
|2 Konspekt
|9 9
|
| 080 |
|
|
|a 788.52.082.4
|2 MRF
|
| 080 |
|
|
|a 783.65
|2 MRF
|
| 080 |
|
|
|a 785.7.082.1
|2 MRF
|
| 080 |
|
|
|a 784.2
|2 MRF
|
| 080 |
|
|
|a (086.76)
|2 MRF
|
| 110 |
2 |
|
|a Bendův komorní orchestr
|7 mzk2008466771
|
| 245 |
1 |
0 |
|a Vánoce s hudbou starých mistrů
|h [zvukový záznam]
|
| 260 |
|
|
|a Ústí nad Labem :
|b Sonus,
|c 2005
|
| 300 |
|
|
|a 1 zvuková deska (72:44) :
|b digital ;
|c 12 cm
|
| 306 |
|
|
|a 011244
|
| 500 |
|
|
|a Kompaktní deska (DDD)
|
| 505 |
0 |
0 |
|t Concerto pastorale in F pro dvě altové zobcové flétny, smyčce a basso continuo
|r Johann Christoph Petz --
|t Pastorella Hanatica pro bas, smyčce a varhany /
|r Tomáš Norbert Koutník --
|t Pastorella in D pro orchestr a basso continuo /
|r František Xaver Pokorný --
|t Pastorella in Es pro soprán, alt, violu a smyčcový orchestr /
|r Jakub Jan Ryba --
|t Pastorela in G bro bas, orchestr a vahrany /
|r Jiří Ignác Linek --
|t Sinfonia pastoralis in D pro orchestr a basso continuo /
|r Václav Pichl --
|t Recitativo et Aria in Es pro soprán, kontrabas, orchestr a basso continuo /
|r Johann Mathias Sperger
|
| 511 |
0 |
|
|a Bendův komorní orchestr, dirigent J. Havlík
|
| 518 |
|
|
|a Nahráno ve studiu Macac - Českého rozhlasu Sever v Ústí nad Labem 26.-27. února a 7. května 2005
|
| 650 |
0 |
4 |
|a koncerty (zobcová flétna (2). smyčce, basso continuo)
|
| 650 |
0 |
4 |
|a pastorely (komorní orchestr)
|
| 650 |
0 |
4 |
|a pastorely (zpěv (2), viola, smyčcový orchestr)
|
| 650 |
0 |
7 |
|a sinfonie (komorní orchestr)
|7 ph501494
|2 czenas
|
| 650 |
0 |
4 |
|a árie (zpěv, kontrabas, komorní orchestr, basso continuo)
|
| 655 |
|
7 |
|a kompaktní desky
|7 fd201991
|2 czenas
|
| 700 |
1 |
|
|a Havlík, Jiří,
|d 1956-
|7 ola2002149363
|4 cnd
|
| 700 |
1 |
2 |
|a Pez, Johann Christoph,
|c 1664-1716.
|t Concerto Pastorale in F
|
| 700 |
1 |
2 |
|a Koutník, Tomáš Norbert,
|d 1698-1775.
|t Pastorella Hanatica
|
| 700 |
1 |
2 |
|a Pokorný, František Xaver Tomáš,
|d 1729-1794.
|t Pastorella in D
|
| 700 |
1 |
2 |
|a Ryba, Jakub Jan,
|d 1765-1815.
|t Pastorella in Es
|
| 700 |
1 |
2 |
|a Linka, Jiří Ignác,
|d 1725-1791.
|t Pastorella in G
|
| 700 |
1 |
2 |
|a Pichl, Václav,
|d 1741-1805.
|t Sinfonia pastoralis in D
|
| 700 |
1 |
2 |
|a Sperger, Johann Matthias,
|d 1750-1812.
|t Recitativo et Aria in Es
|
| 910 |
|
|
|a BOA001
|b CDR-1236.665
|
| 990 |
|
|
|a AV
|
| 991 |
|
|
|b 201005
|
| 996 |
6 |
|
|b 2610433850
|c CDR-1236.665
|l MZK
|r Sklad / do 24 hodin
|n 4
|p p.v.
|w 001120654
|u 000010
|a 1
|e BOA001
|j MZK50
|s P
|